LIBRARY & INFORMATION CENTRE, KCAET, TAVANUR

ONLINE PUBLIC ACCESS CATALOGUE (OPAC)

Princioles of Water Treatment (Record no. 14376)

MARC details
000 -LEADER
fixed length control field 00330nam a22001337a 4500
020 ## - INTERNATIONAL STANDARD BOOK NUMBER
ISBN 9780470405383
082 ## - DEWEY DECIMAL CLASSIFICATION NUMBER
Classification number 628.168
Item number HOW/PR
100 ## - MAIN ENTRY--AUTHOR NAME
Personal name Howe,Kerry J.
100 ## - MAIN ENTRY--AUTHOR NAME
Personal name Hand,David W.
245 ## - TITLE STATEMENT
Title Princioles of Water Treatment
260 ## - PUBLICATION, DISTRIBUTION, ETC. (IMPRINT)
Place of publication New Jersey
Name of publisher John Wiley & Sons, Inc.
Year of publication 2012
300 ## - PHYSICAL DESCRIPTION
Number of Pages 654
942 ## - ADDED ENTRY ELEMENTS (KOHA)
Koha item type Books
Holdings
Withdrawn status Lost status Damaged status Collection code Home library Current library Shelving location Date acquired Source of acquisition Cost, normal purchase price Full call number Accession Number Koha item type
        KAUAET KAUAET General Stacks 25/06/2016 Arunima Book Distributors, TVPM 6234.17 628.168 HOW/PR 23841 Books
free website counter